Bismarck intime / (Record no. 155498)

MARC details
000 -LEADER
campo de control de longitud fija 00761nam a22001935i 4500
001 - NÚMERO DE CONTROL
campo de control 155498
003 - IDENTIFICADOR DE NÚMERO DE CONTROL
campo de control ES-MaACL
005 - FECHA Y HORA DE LA ÚLTIMA TRANSACCIÓN
campo de control 20230906210114.0
008 - DATOS DE LONGITUD FIJA--INFORMACIÓN GENERAL
campo de control de longitud fija 040721s1898 fr ao |||| | fre d
040 ## - FUENTE DE CATALOGACIÓN
Centro catalogador/agencia de origen CAM
Lengua de catalogación spa
Centro/agencia transcriptor CAM
100 1# - ENTRADA PRINCIPAL--NOMBRE DE PERSONA
Nombre de persona Hoche, Jules.
9 (RLIN) 128007
245 10 - MENCIÓN DEL TÍTULO
Título Bismarck intime /
Mención de responsabilidad, etc. Jules Hoche.
260 ## - PUBLICACIÓN, DISTRIBUCIÓN, ETC.
Lugar de publicación, distribución, etc. Paris :
Nombre del editor, distribuidor, etc. F. Juven, éditeur,
Fecha de publicación, distribución, etc. [s.a.] (
Fabricante Imprimerie de Vaugirard, G. de Malherbe, directeur)
300 ## - DESCRIPCIÓN FÍSICA
Extensión XVI, 256 p., 13 h. lám. :
Otras características físicas il. ;
Dimensiones 20 cm.
596 ## - NOTA AL PIE DE IMPRENTA
NOTA AL PIE DE IMPRENTA La BNF lo fecha en 1898.
599 ## - NOTA A LAS ILUSTRACIONES
NOTA A LAS ILUSTRACIONES Las h. de lám. e il., fot. en b. y n. y grabs.
600 14 - PUNTO DE ACCESO ADICIONAL DE MATERIA--NOMBRE DE PERSONA
Nombre de persona Bismarck, Otto
Títulos y otros términos asociados al nombre Fürst von-
Subdivisión general Biografías.
9 (RLIN) 125995
852 ## - LOCALIZACIÓN
Ubicación ES-MaACL
Número de control de estantería D-798
Nota libre -- Enc. hol., conservando la cub. original cromolit
-- -- Legado de Modesto de la Fuente
Holdings
Estatus retirado Estado de pérdida Estado de daño No para préstamo Biblioteca de origen Biblioteca actual Ubicación en estantería Fecha de adquisición Fuente de adquisición Total de préstamos Signatura topográfica completa Código de barras Visto por última vez Precio de reemplazo Tipo de ítem Koha
        Biblioteca del Ateneo de Madrid Biblioteca del Ateneo de Madrid Sala Valle Inclán 17/01/2008     D-798 901162655 23/02/2023 23/02/2023 Libro impreso